000 00507nam a22001817a 4500
003 LK-CoDNM
005 20241129151148.0
008 241129b |||||||| |||| 00| 0 eng d
040 _aLK-CoDNM
_dLK-CoDNM
_eLK-CoDNM
041 _asin
080 _a294.38
_bSIN
245 _aසිංහල දම්පියා අටුවා සාරය-1963
260 _aකොළඹ
_bපොත් වෙළද තැන
_c1963
300 _b70p. ; 24 cm
650 _a1963
650 _aBuddhism
942 _cBK
999 _c232910
_d232910